| 000 | 00328nam a22001337a 4500 | ||
|---|---|---|---|
| 020 | _a9780753436660 | ||
| 040 | _cNust | ||
| 082 |
_a823-CH _bFEL |
||
| 100 |
_aThea Feldman _9129079 |
||
| 245 | _aBrilliant Birds | ||
| 260 |
_aLondon: _bKINGFISHER PUBLICATIONS, _c2015. |
||
| 650 |
_aBrilliant Birds _9129080 |
||
| 942 |
_2ddc _cBK |
||
| 999 |
_c613833 _d613833 |
||